Рациональная схема подготовки этажей на шахтах Анжеро-Судженского района Кузбасса; Известия вузов. Горный журнал; № 4

Bibliografiske detaljer
Parent link:Известия вузов. Горный журнал.— , 1958-1996
№ 4.— 1960.— С. 18-22
Hovedforfatter: Федоров Н. А.
Sprog:russisk
Udgivet: 1960
Fag:
Format: MixedMaterials Book Chapter
KOHA link:https://koha.lib.tpu.ru/cgi-bin/koha/opac-detail.pl?biblionumber=582954

MARC

LEADER 00000naa2a2200000 4500
001 582954
005 20231101130936.0
035 |a (RuTPU)RU\TPU\prd\283766 
035 |a RU\TPU\tpu\6479 
090 |a 582954 
100 |a 20190408d1960 k y0rusy50 ca 
101 0 |a rus 
102 |a RU 
200 1 |a Рациональная схема подготовки этажей на шахтах Анжеро-Судженского района Кузбасса  |f Н. А. Федоров 
461 |0 (RuTPU)RU\TPU\prd\186  |t Известия вузов. Горный журнал  |d 1958-1996 
463 |0 (RuTPU)RU\TPU\prd\171217  |t № 4  |v С. 18-22  |d 1960 
610 1 |a горное дело 
610 1 |a труды учёных ТПУ 
700 1 |a Федоров  |b Н. А. 
801 0 |a RU  |b 63413507  |c 20011210  |g PSBO 
801 2 |a RU  |b 63413507  |c 20190408  |g PSBO 
942 |c BK